=LDR 00000nam 2200000 4500 =001 INLIS000000000023268 =005 20130612121938 =008 ***********************************Ind** =035 ##$$0010-061300000023268 =041 ##$$a Ind =082 ##$$a 613 =090 ##$$a 613, Sua-h =100 ##$$a Suady, Sholeh =245 ##$$a Himpunan peraturan kesehatan, Sholeh Soeaidy, S.H =260 ##$$a 1993 $b Jakarta =300 ##$$a viii, 268 hlm., ilus., 21 cm =650 ##$$a Kesehatan-Undang-undang-peraturan =850 ##$$a NBPNMAT